000 00359nam a2200145Ia 4500
008 191201s2004 xx 000 0 und d
082 _a677.02822
_bMUP
100 _aMURPHY, William S
245 0 _aPractical Guide to Spinning
250 _a1st
260 _aN.Delhi
_bAbhishek Publications
_c2004
300 _a202
650 _aB.Tech(TE)
942 _2ddc
_cBK
999 _c2393
_d2393